01407nam a22003374a 4500001001200000003000800012006001900020007001500039008004100054010001700095020002800112040002100140035002000161050002800181082001800209245012500227260005200352300002500404490005500429504005100484533015200535650004000687650004300727650002600770655002900796700002800825710001700853830005600870856012600926999001701052ebr10052633CaPaEBRm u cr cn|||||||||000721s2000 ne a sb 101 0 eng  z 00061089  z0792365178 (alk. paper) aCaPaEBRcCaPaEBR a(OCoLC)7077146514aTK5103.59b.M373 2000eb04a621.382/722100aMassive WDM and TDM soliton transmission systemsh[electronic resource] :ba ROSC symposium /cedited by Akira Hasegawa. aDordrecht ;aBoston :bKluwer Academic,cc2000. axiii, 438 p. :bill.1 aSolid-state science and technology library ;vv. 6 aIncludes bibliographical references and index. aElectronic reproduction.bPalo Alto, Calif. :cebrary,d2013.nAvailable via World Wide Web.nAccess may be limited to ebrary affiliated libraries. 0aOptical communicationsvCongresses. 0aData transmission systemsvCongresses. 0aSolitonsvCongresses. 7aElectronic books.2local1 aHasegawa, Akira,d1934-2 aebrary, Inc. 0aSolid-state science and technology library ;vv. 6.40uhttp://site.ebrary.com/lib/rucke/Doc?id=10052633zAn electronic book accessible through the World Wide Web; click to view c65502d65502